01820nam a2200241Ia 4500001000600000003000900006008004100015040001300056040001300069041001300082100001900095100002900114245002800143245002800171250001100199260001000210260001400220260004900234300005700283500116600340650004101506650003101547G2116IT-RoPAU130308s9999 xx 000 0 und d aIT-RoPAU cIT-RoPAU aFRANCESE aGuillaume Marc gCodice Aut. SPICS: 5686 aEmpire des reseaux (L') bEmpire des Reseaux (L') a1a ed. aPARIS bDescartes c1999 [1° Ed.:1999 - Ed.Ling.Originale:1999] a"160 p. (prefazione: no ; testo: 160 [pagine: 0-0])" aImpero delle Reti. Le reti Fondano una Nuova Utopia, Uno Spazio virtuale senza Limite, senza rischi d'inquinamento e di Voluminosità. Lo Scatenamento della Scienza e della Tecnica Esige Un'Attenzione Critica e un Lavoro di concettualizzazione che Escluda Ogni Forma di propaganda o Profetismo. Questo Libro, scritto intorno Alla Funzione di Commutazione, è all'origine Deidispositivi così Diversi Come L'Ipertesto, L'Impresa virtuale o L'Ipercommercio. Rivoluzione Commutativa. Società Dello Zapping: una Società dell'informazione Non Identificata, Trasmissione Virtualizzazione, Commutazione,Media moderni e Post Moderni. pensiero Interrotto/Attaccato: Informazione Non è Sapere, reti Tecnoscienze e Creazione. Divorazione delle Immagini: Diniego del piacere dell'Immagine, Iperimmagini e Commutazione. Economia Delcibermondo: Effetto Internet, Ricerca di Efficacia, impresa Innovativa ed Estensione di Attività, Ipercommercio. Anamorfosi del Territorio: paradosso del Reale e del Virtuale, Avvenire Appartiene Alle Città Globali, reti Emondializzazione. Media Commutativi nella Citta': nuove Scenografie Politiche, Amministrazioni nelle Reti. aPOLITICA DELLA COMUNICAZIONE SOCIALE eCodice materia Spics: 3803